| 000 | 01038cam a2200253 a 4500 | ||
|---|---|---|---|
| 001 | 000006609 | ||
| 005 | 20200929153947.0 | ||
| 008 | 060215s2005 rm a b 001 0 eng | ||
| 020 | _a9737784014 | ||
| 040 |
_aDO-SdBNP _cDLC |
||
| 041 | 1 | 7 |
_aeng _hrum _2Código de idioma MARC |
| 082 |
_a943.9 _bM181r |
||
| 100 | 1 |
_aMadgearu, Alexandru. _918328 |
|
| 240 | 1 | 0 |
_aRomanii in opera Notarului Anonim. _lEnglish. |
| 245 | 1 | 4 |
_aThe Romanians in the Anonymous "Gesta Hungarorum" : _btruth and fiction / _cAlexandru Madgearu. |
| 260 |
_aCluj-Napoca, Rumanía : _bCenter for Transylvanian Studies : _bRomanian Cultural Institute, _c2005. |
||
| 300 |
_a218 p. : _bil. ; _c21 cm. |
||
| 490 | 1 |
_aBibliotheca rerum Transsilvani _vno. 34 |
|
| 504 | _aIncluye referencias bibliográficas (p. [191] -203) e índice. | ||
| 534 |
_aTítulo original en Rumano: _tRomanii in opera Notarului Anonim. |
||
| 651 | 4 |
_aHungría _xHistoria _y896-1301 _918329 |
|
| 830 | 0 |
_aBibliotheca rerum Transsilvaniae ; _vno. 34. _918330 |
|
| 910 | _aCatalogación por copia / LC | ||
| 999 |
_c6399 _d6399 |
||